000 00852cam a22002771 4500
001 sa 66000429
003 DLC
005 20260227112215.0
008 900220s1965 ii b 000 0 sano
010 _asa 66000429
035 _a(OCoLC)21100741
040 _aDLC
_cWaU
_dDLC
042 _apremarc
043 _aa-ii---
050 0 0 _aPK2916
_b.C5 1965
100 0 _aCitradhara,
_dactive 18th century.
245 1 0 _aVirataraṅgiṇī.
260 _c1965.
300 _axvii, 42, [1] p.
_c22 cm.
500 _aAdded t.p. in English.
500 _aIn Sanskrit; pref., introd. and contents in English.
500 _a"An alphabetical list of books and authors cited or referred to by Citradhara": p. [43]
504 _aBibliographical footnotes.
650 0 _aSanskrit poetry
_xHistory and criticism.
700 1 _aJha, Trilokanatha,
_d1934-
999 _c67252
_d67252